000 00325nam a2200133Ia 4500
008 230818s2000 xx 000 0 und d
041 _aeng
100 _aJane Fellows
245 _aHouse -Keeping Supervision
260 _bPitman
_c2000
300 _a199p
520 _aGeneral | Hard Board
999 _c853751
_d853751
650 _aHotel Housekeeping